[Event "ch-ISR 2014"]
[Site "Beer-Sheva ISR"]
[Date "2014.06.17"]
[Round "1.1"]
[White "Smirin, Ilia"]
[Black "Gurbanov, Andrei"]
[Result "1/2-1/2"]
[WhiteTitle "GM"]
[WhiteElo "2660"]
[BlackElo "2329"]
[WhiteFideId "2801990"]
[BlackFideId "13503391"]
[EventDate "2014.06.17"]

1. g3 d5 2. Bg2 c6 3. Nf3 g6 4. O-O Bg7 5. d3 e5 6. Nbd2 Ne7 7. e4 O-O 8. Qe2
Qc7 9. b4 dxe4 10. dxe4 f6 11. Qc4+ Kh8 12. a4 b6 13. Ba3 a6 14. Rfd1 b5 15. Qb3
bxa4 16. Qxa4 Be6 17. Nb3 Nd7 18. Qa5 Qb8 19. Nc5 Nxc5 20. Qxc5 Re8 21. Rd6 Nc8
22. Rxc6 Bd7 23. Rc7 Bf8 24. Qa5 Nb6 25. Rc3 Bb5 26. Bf1 Na4 27. Rd3 Bxd3 28.
Bxd3 Nc3 29. Nd2 Qb7 30. Nc4 Nxe4 31. Qb6 Nd6 32. Qxb7 Nxb7 33. Nb6 Rad8 34. Be4
Rd6 35. Nd5 1/2-1/2

[Event "ch-ISR 2014"]
[Site "Beer-Sheva ISR"]
[Date "2014.06.17"]
[Round "1.2"]
[White "Rinberg, Alexander"]
[Black "Postny, Evgeny"]
[Result "1-0"]
[WhiteTitle "FM"]
[BlackTitle "GM"]
[WhiteElo "2321"]
[BlackElo "2641"]
[WhiteFideId "14102510"]
[BlackFideId "2804344"]
[EventDate "2014.06.17"]

1. e4 e5 2. Nf3 Nc6 3. Bb5 a6 4. Ba4 Nf6 5. O-O Be7 6. Re1 b5 7. Bb3 d6 8. c3
Na5 9. Bc2 c5 10. d4 Qc7 11. Nbd2 O-O 12. d5 c4 13. Nf1 Nb7 14. h3 Bd7 15. Bg5
Rfb8 16. Ng3 a5 17. Nh4 g6 18. f4 Qb6+ 19. Kh1 exf4 20. Bxf4 Nxe4 21. Rxe4 Bxh4
22. Be3 Qd8 23. Rxh4 Qxh4 24. Ne4 Nc5 25. Bg5 Qxe4 26. Bxe4 Nxe4 27. Be3 Re8 28.
Qf3 f5 29. Bd4 Re7 30. h4 h6 31. Kh2 Rae8 32. Re1 Kh7 33. Qf4 Rg8 34. Qf3 Rge8
35. Re2 Rg8 36. Qf4 Rge8 37. Rxe4 fxe4 38. Be3 g5 39. Qxd6 Bg4 40. Qg3 h5 41.
hxg5 Re5 42. Qf4 Bf5 43. d6 Kg8 44. g6 1-0

[Event "ch-ISR 2014"]
[Site "Beer-Sheva ISR"]
[Date "2014.06.17"]
[Round "1.3"]
[White "Roiz, Michael"]
[Black "Arlinsky, Uriel"]
[Result "1/2-1/2"]
[WhiteTitle "GM"]
[BlackTitle "FM"]
[WhiteElo "2589"]
[BlackElo "2314"]
[WhiteFideId "2804158"]
[BlackFideId "2809575"]
[EventDate "2014.06.17"]

1. c4 Nf6 2. Nc3 e5 3. Nf3 Nc6 4. a3 g6 5. d3 h6 6. b4 Bg7 7. Bb2 O-O 8. e3 d5
9. cxd5 Nxd5 10. Rc1 Re8 11. Be2 Nxc3 12. Bxc3 a6 13. O-O Bf5 14. Qc2 Qe7 15.
Qb2 Rad8 16. Rfd1 Qf8 17. h3 e4 18. dxe4 Bxe4 19. Nd2 Bd3 20. Nb3 Bxe2 21. Qxe2
Rxd1+ 22. Qxd1 Qd6 23. Bxg7 Kxg7 24. Nc5 Qxd1+ 25. Rxd1 a5 26. b5 Re5 27. Rc1
Nd8 28. a4 Rd5 29. Kf1 Rd2 30. Ne4 Rd7 31. Nc5 Rd2 32. Rc4 Ra2 33. Nb3 c6 34. b6
Rb2 35. Rc3 Kf8 36. Ke1 1/2-1/2

[Event "ch-ISR 2014"]
[Site "Beer-Sheva ISR"]
[Date "2014.06.17"]
[Round "1.4"]
[White "Mordechai, Hanan"]
[Black "Huzman, Alexander"]
[Result "1/2-1/2"]
[WhiteTitle "FM"]
[BlackTitle "GM"]
[WhiteElo "2314"]
[BlackElo "2573"]
[WhiteFideId "2804166"]
[BlackFideId "2803828"]
[EventDate "2014.06.17"]

1. e4 c5 2. Nf3 d6 3. d4 cxd4 4. Nxd4 Nf6 5. Nc3 a6 6. Bg5 Nbd7 7. f4 Qc7 8. Qf3
h6 9. Bxf6 Nxf6 10. f5 Rg8 11. O-O-O g5 12. g3 Bg7 13. Bg2 Bd7 14. Rhe1 Rc8 15.
Re2 Qc5 16. Nb3 Qe5 17. Nd4 g4 18. Qd3 h5 19. Kb1 Rh8 20. h3 Kf8 21. Ree1 b5 22.
h4 b4 23. Nce2 Bb5 24. Qb3 Bxe2 25. Rxe2 a5 26. Qd3 Kg8 27. Qa6 Kh7 28. Nc6 Qxg3
29. Nxe7 Rce8 30. Nc6 Qxh4 31. Qd3 Qh2 32. Rh1 Qf4 33. Rf1 Qh2 34. Rh1 Qf4 35.
Rf1 Qh2 36. Rh1 1/2-1/2

[Event "ch-ISR 2014"]
[Site "Beer-Sheva ISR"]
[Date "2014.06.17"]
[Round "1.5"]
[White "Golod, Vitali"]
[Black "Axelrod, Arie"]
[Result "1-0"]
[WhiteTitle "GM"]
[BlackTitle "FM"]
[WhiteElo "2559"]
[BlackElo "2305"]
[WhiteFideId "2804140"]
[BlackFideId "2804867"]
[EventDate "2014.06.17"]

1. d4 Nf6 2. c4 e6 3. Nf3 Bb4+ 4. Nbd2 d5 5. Qa4+ Nc6 6. a3 Bd6 7. c5 Be7 8. b4
O-O 9. Qc2 Bd7 10. e3 b5 11. Rb1 Qb8 12. Bd3 h6 13. O-O Qb7 14. Bb2 Rfb8 15. Ne5
Nxe5 16. dxe5 Ne8 17. Nf3 c6 18. Nd4 Qc7 19. f4 a5 20. f5 axb4 21. fxe6 Bxe6 22.
Nxe6 fxe6 23. Bh7+ Kh8 24. Rf7 Qd8 25. Qg6 1-0

[Event "ch-ISR 2014"]
[Site "Beer-Sheva ISR"]
[Date "2014.06.17"]
[Round "1.6"]
[White "Lederer, Yoav"]
[Black "Mikhalevski, Victor"]
[Result "0-1"]
[BlackTitle "GM"]
[WhiteElo "2298"]
[BlackElo "2519"]
[WhiteFideId "2800292"]
[BlackFideId "2801914"]
[EventDate "2014.06.17"]

1. c4 e5 2. g3 c6 3. d4 e4 4. Nc3 d5 5. Bg2 Nf6 6. Bg5 Nbd7 7. cxd5 cxd5 8. Qb3
Bd6 9. Nh3 h6 10. Bf4 Nb6 11. Bxd6 Qxd6 12. O-O O-O 13. e3 Bg4 14. Kh1 Rfc8 15.
Rac1 Nc4 16. Qc2 Rc6 17. b3 Na3 18. Qb2 Rac8 19. Ng1 Qb4 20. Nb1 Rxc1 21. Rxc1
Rxc1 22. Qxc1 Nxb1 23. Qxb1 Qd2 24. Nh3 Bxh3 25. Bxh3 Qxf2 26. Qc1 g5 27. Bc8
Qxa2 0-1

[Event "ch-ISR 2014"]
[Site "Beer-Sheva ISR"]
[Date "2014.06.17"]
[Round "1.7"]
[White "Baron, Tal"]
[Black "Eliagov, Kafar"]
[Result "1/2-1/2"]
[WhiteTitle "GM"]
[BlackTitle "FM"]
[WhiteElo "2515"]
[BlackElo "2268"]
[WhiteFideId "2809958"]
[BlackFideId "2804883"]
[EventDate "2014.06.17"]

1. d4 d5 2. c4 c6 3. e3 Nf6 4. Bd3 g6 5. Nf3 Bg7 6. O-O O-O 7. Nc3 Bg4 8. h3
Bxf3 9. Qxf3 e6 10. Rd1 Nbd7 11. b3 Re8 12. Bb2 Qe7 13. Qe2 Rad8 14. a4 e5 15.
Ba3 Qe6 16. cxd5 Nxd5 17. Nxd5 cxd5 18. dxe5 Nxe5 19. Bb5 Nc6 20. Rac1 d4 21.
Rd3 Bh6 22. Bxc6 bxc6 23. Bc5 1/2-1/2

[Event "ch-ISR 2014"]
[Site "Beer-Sheva ISR"]
[Date "2014.06.17"]
[Round "1.8"]
[White "Reshef, Omer"]
[Black "Zoler, Dan"]
[Result "1/2-1/2"]
[BlackTitle "GM"]
[WhiteElo "2266"]
[BlackElo "2503"]
[WhiteFideId "2804336"]
[BlackFideId "2800705"]
[EventDate "2014.06.17"]

1. e4 c5 2. Nf3 d6 3. d4 cxd4 4. Nxd4 Nf6 5. Nc3 a6 6. Be3 Ng4 7. Bg5 h6 8. Bh4
g5 9. Bg3 Bg7 10. Be2 h5 11. Nf5 Bxf5 12. exf5 Nf6 13. h4 g4 14. O-O Qa5 15. Bd3
O-O 16. Ne4 Nbd7 17. Qe2 Rfe8 18. Ng5 Nc5 19. Bc4 d5 20. Bb3 Nxb3 21. axb3 Qb5
22. Qd2 Rad8 23. Rfe1 d4 24. Ra5 Qc6 25. Be5 b5 26. Qd3 Qb6 27. Raa1 Rd5 28. Re2
Red8 29. Rae1 R8d7 30. Bg3 Qb7 31. Be5 a5 32. Bxf6 Bxf6 33. Ne4 Bxh4 34. g3 Bf6
35. Nxf6+ exf6 36. f3 Rc5 37. fxg4 Rdd5 38. Re8+ Kg7 39. gxh5 Re5 40. h6+ Kxh6
41. Qxd4 Rxe1+ 42. Rxe1 Rxf5 43. Re8 Kg7 44. Re4 Qc7 45. Rg4+ Kf8 46. c4 Re5 47.
Rf4 bxc4 48. bxc4 Re6 49. Qd5 Rd6 50. Qa8+ Rd8 51. Qf3 Qc5+ 52. Kg2 Rd2+ 53. Kh3
Qc8+ 54. Qg4 Qb7 55. Qf3 Qd7+ 56. Qg4 Qc6 57. Qf3 Qe6+ 58. Qg4 Rxb2 59. Qxe6
fxe6 60. Rxf6+ Ke7 61. Rh6 Rb4 62. c5 Kd7 63. Rh7+ Kc6 64. Re7 Kd5 65. g4 Rc4
66. g5 Rxc5 67. g6 Rc1 68. Kg2 Rc8 69. Ra7 Rg8 70. Rxa5+ Ke4 71. Rg5 Kf4 72. Rg3
Kf5 73. Kf3 Rxg6 74. Rxg6 Kxg6 75. Ke4 Kf6 76. Kf4 e5+ 77. Ke4 Ke7 78. Kxe5 1/2-1/2

[Event "ch-ISR 2014"]
[Site "Beer-Sheva ISR"]
[Date "2014.06.17"]
[Round "1.9"]
[White "Givon, Asaf"]
[Black "Zanan, Evgeny"]
[Result "1/2-1/2"]
[WhiteTitle "IM"]
[BlackTitle "FM"]
[WhiteElo "2459"]
[BlackElo "2257"]
[WhiteFideId "2801841"]
[BlackFideId "24101940"]
[EventDate "2014.06.17"]

1. e4 e5 2. Nf3 Nc6 3. Bb5 a6 4. Ba4 Nf6 5. O-O b5 6. Bb3 Bc5 7. Nc3 O-O 8. d3
h6 9. Nd5 d6 10. c3 Rb8 11. d4 Ba7 12. Be3 exd4 13. cxd4 Bg4 14. Rc1 Nxd5 15.
Bxd5 Ne7 16. Bb3 Rc8 17. Re1 Bh5 18. d5 Bxe3 19. Rxe3 Kh8 20. Qd2 c5 21. dxc6
Nxc6 22. Rec3 Bxf3 23. Rxf3 Nd4 24. Rfc3 Nxb3 25. axb3 Rxc3 26. Rxc3 Qe7 1/2-1/2

[Event "ch-ISR 2014"]
[Site "Beer-Sheva ISR"]
[Date "2014.06.17"]
[Round "1.10"]
[White "Bakalchuk, Johnatan"]
[Black "Nakar, Eylon"]
[Result "1/2-1/2"]
[BlackTitle "IM"]
[WhiteElo "2244"]
[BlackElo "2442"]
[WhiteFideId "2810301"]
[BlackFideId "2811111"]
[EventDate "2014.06.17"]

1. e4 e6 2. d4 d5 3. Nc3 Bb4 4. Ne2 dxe4 5. a3 Bxc3+ 6. Nxc3 Nc6 7. d5 exd5 8.
Qxd5 Nge7 9. Qxd8+ Nxd8 10. Nxe4 Bf5 11. Bd3 Ne6 12. Bd2 O-O-O 13. O-O-O Bg6 14.
h4 h5 15. f3 Nd5 16. Rhe1 Rhe8 17. Bb5 Rg8 18. Bf1 Rge8 19. Bb5 c6 20. Bf1 Kc7
21. c4 Ne7 22. Ng5 Nd4 23. Bf4+ Kc8 24. Bd3 Bxd3 25. Rxd3 Nef5 26. Rxe8 Rxe8 27.
Kd1 Ne6 28. Nxe6 Rxe6 29. g3 Rg6 30. g4 hxg4 31. h5 Re6 32. fxg4 Ne7 33. Re3 Kd7
34. Rd3+ Kc8 35. Re3 Kd7 36. Rd3+ Kc8 37. Re3 Kd7 1/2-1/2

[Event "ch-ISR 2014"]
[Site "Beer-Sheva ISR"]
[Date "2014.06.17"]
[Round "1.11"]
[White "Kantsler, Boris"]
[Black "Volman, Horacio"]
[Result "1-0"]
[WhiteTitle "GM"]
[WhiteElo "2420"]
[BlackElo "2203"]
[WhiteFideId "2805359"]
[BlackFideId "2800853"]
[EventDate "2014.06.17"]

1. d4 d5 2. c4 e6 3. Nc3 c5 4. e3 Nf6 5. Nf3 Nc6 6. cxd5 exd5 7. Bb5 a6 8. Bxc6+
bxc6 9. O-O Bd6 10. dxc5 Bxc5 11. Qa4 Bd7 12. e4 O-O 13. Bg5 dxe4 14. Nxe4 Be7
15. Bxf6 Bxf6 16. Rad1 Ra7 17. Rd2 Qb6 18. Nxf6+ gxf6 19. Rxd7 1-0

[Event "ch-ISR 2014"]
[Site "Beer-Sheva ISR"]
[Date "2014.06.17"]
[Round "1.12"]
[White "Frenkel, Ran"]
[Black "Kantarji, Pinchas"]
[Result "0-1"]
[BlackTitle "FM"]
[WhiteElo "2174"]
[BlackElo "2417"]
[WhiteFideId "2815974"]
[BlackFideId "2803712"]
[EventDate "2014.06.17"]

1. e4 c6 2. d4 d5 3. e5 Bf5 4. Nf3 e6 5. Be2 c5 6. O-O Nc6 7. c3 Rc8 8. Be3 cxd4
9. Nxd4 Nge7 10. f4 Nxd4 11. Bxd4 Nc6 12. Be3 Be7 13. g4 Bxb1 14. Rxb1 O-O 15.
Qd3 b6 16. b4 Qc7 17. Rf3 g6 18. h4 f6 19. exf6 Bxf6 20. h5 gxh5 21. g5 Qg7 22.
Bd2 Be7 23. Kh1 Bd6 24. c4 Nd4 25. Bc3 Rxc4 26. Ba1 Rxf4 27. Rxf4 Bxf4 28. Qd1
Qxg5 29. Bxd4 Qh4+ 30. Kg2 Qg3+ 31. Kf1 Rxd4 32. Qxd4 Be3 33. Qxe3 Qxe3 34. Rb3
Qf4+ 35. Kg2 Qd2 36. Kf2 Qxa2 37. Rg3+ Kf8 0-1

[Event "ch-ISR 2014"]
[Site "Beer-Sheva ISR"]
[Date "2014.06.17"]
[Round "1.13"]
[White "Steinberg, Nitzan"]
[Black "Gamayev, Oleg"]
[Result "1-0"]
[WhiteTitle "IM"]
[WhiteElo "2416"]
[BlackElo "2166"]
[WhiteFideId "2801795"]
[BlackFideId "2802813"]
[EventDate "2014.06.17"]

1. e4 d6 2. d4 Nf6 3. Nc3 e5 4. Nf3 exd4 5. Nxd4 Be7 6. h3 O-O 7. Qf3 Nc6 8. Be3
Nxd4 9. Bxd4 Be6 10. O-O-O Nd7 11. Kb1 Bf6 12. g4 Bxd4 13. Rxd4 Qg5 14. Qg3 Qe5
15. Qe3 Nb6 16. f4 Qf6 17. Be2 Rfe8 18. Qf2 Bd7 19. Rhd1 Bc6 20. h4 Nd7 21. g5
Qe7 22. b4 b6 23. Rc4 Nb8 24. b5 Bb7 25. Qd4 a6 26. a4 axb5 27. axb5 d5 28. Nxd5
Bxd5 29. Qxd5 Qa3 30. Qd4 Nd7 31. Qb2 Qe3 32. Rxc7 Ne5 33. Bc4 Nxc4 34. Rxc4
Qxf4 35. Qd4 Qf3 36. Qd3 Qf4 37. Rf1 Qe5 38. Rd4 Ra5 39. Rf5 Qh2 40. Qc4 Rf8 41.
Qxf7+ 1-0

[Event "ch-ISR 2014"]
[Site "Beer-Sheva ISR"]
[Date "2014.06.17"]
[Round "1.14"]
[White "Horesh, Tal"]
[Black "Ben Artzi, Ido"]
[Result "0-1"]
[BlackTitle "FM"]
[WhiteElo "2139"]
[BlackElo "2359"]
[WhiteFideId "2809451"]
[BlackFideId "2810913"]
[EventDate "2014.06.17"]

1. d4 Nf6 2. c4 g6 3. Nc3 d5 4. e3 Bg7 5. Nf3 O-O 6. cxd5 Nxd5 7. Bc4 Nxc3 8.
bxc3 c5 9. O-O Qc7 10. Qe2 Bg4 11. Bd5 e6 12. Be4 f5 13. Bd3 e5 14. dxe5 Bxe5
15. h3 Bh5 16. Rb1 Nc6 17. Bb5 Na5 18. Ba3 Bxf3 19. Qxf3 b6 20. Rfd1 Rad8 21. c4
Rxd1+ 22. Rxd1 Rd8 23. Rd5 Kg7 24. h4 h5 25. Bc1 Bf6 26. g3 Qb7 27. e4 Qe7 28.
Qf4 Rxd5 29. exd5 Kf7 30. Be3 Nb7 31. Qb8 Nd6 32. Bf4 Bd4 33. Kf1 Nxb5 34. cxb5
Qd7 35. Qc7 Qxc7 36. Bxc7 Ke7 37. Bb8 Kd7 38. f3 Bf6 39. Bf4 Be7 40. Be5 g5 41.
hxg5 Bxg5 42. Ke2 c4 43. f4 Be7 44. a4 Bd6 45. Bf6 Bc5 46. Be5 Bb4 47. Bg7 Ke7
48. Be5 Bd6 49. Bd4 Bb4 50. Be5 Kd7 51. Bg7 Be7 52. Be5 Bc5 53. Kf3 Bd6 54. Bd4
Ke7 55. Ke2 Bc7 56. Kd2 Bxf4+ 57. gxf4 Kd6 58. Kc3 Kxd5 59. Bf2 Ke4 60. Kxc4 Kf3
61. Bg1 h4 62. Kd5 h3 63. Kc6 Kg2 64. Kb7 Kxg1 65. Kxa7 h2 66. Kxb6 h1=Q 67. a5
Qa8 68. a6 Qb8+ 69. Ka5 Qc7+ 0-1

[Event "ch-ISR 2014"]
[Site "Beer-Sheva ISR"]
[Date "2014.06.17"]
[Round "1.15"]
[White "Tseitlin, Mark D"]
[Black "Poleg, Matan"]
[Result "1/2-1/2"]
[WhiteTitle "GM"]
[WhiteElo "2349"]
[BlackElo "2125"]
[WhiteFideId "2800128"]
[BlackFideId "2811472"]
[EventDate "2014.06.17"]

1. Nf3 Nf6 2. g3 d5 3. Bg2 c6 4. O-O Bg4 5. c4 e6 6. d3 Bd6 7. Nc3 O-O 8. Qb3
Qc8 9. e4 dxe4 10. dxe4 e5 11. Be3 Nbd7 12. Qc2 Bxf3 13. Bxf3 Bc5 14. Bd2 Rd8
15. Ne2 a5 16. a3 a4 17. Bc3 Qc7 18. Rad1 Nb6 19. Rxd8+ Rxd8 20. Rd1 Nxc4 21.
Qxa4 Rxd1+ 22. Qxd1 Qb6 23. Qf1 Nxb2 24. Bxe5 Bxf2+ 25. Kh1 Nc4 26. Qh3 Qd8 27.
Bxf6 gxf6 28. Nf4 Ne5 29. Be2 Bc5 30. a4 Qd4 31. Qc8+ Kg7 32. Kg2 Qxe4+ 33. Kh3
Nf3 34. Bxf3 Qxf3 35. Qf5 Qf1+ 36. Kh4 Qc4 37. Qg4+ Kh6 38. Qh5+ Kg7 39. Qg4+ 1/2-1/2

[Event "ch-ISR 2014"]
[Site "Beer-Sheva ISR"]
[Date "2014.06.17"]
[Round "1.16"]
[White "Kraus, Yair"]
[Black "Birnboim, Nathan"]
[Result "0-1"]
[BlackTitle "IM"]
[WhiteElo "2093"]
[BlackElo "2333"]
[WhiteFideId "2804786"]
[BlackFideId "2800209"]
[EventDate "2014.06.17"]

1. d4 Nf6 2. c4 g6 3. Nc3 Bg7 4. e4 d6 5. f4 c5 6. d5 O-O 7. Nf3 e6 8. dxe6 Bxe6
9. Bd3 Nc6 10. f5 Bc8 11. O-O Re8 12. Bf4 Nd4 13. fxg6 fxg6 14. h3 Nh5 15. Bh2
Rf8 16. Kh1 Be6 17. Nxd4 Rxf1+ 18. Bxf1 Bxd4 19. Nb5 Bxb2 20. Rb1 Be5 21. Nxd6
Bxh2 22. Kxh2 b6 23. Nb5 Qf6 24. Qe1 Qe5+ 25. Kg1 Rf8 26. Qe3 Rf7 27. Qc3 Qf4
28. Rd1 Rd7 29. Rxd7 Bxd7 30. Nxa7 Qxe4 31. Nb5 Nf4 32. Nc7 Qxg2+ 33. Bxg2 Ne2+
34. Kf2 Nxc3 35. Na8 Na4 36. Ke3 Kf7 37. Kf4 Kf6 38. h4 b5 39. cxb5 Bxb5 40. Nc7
Bc4 41. Bd5 Bxd5 42. Nxd5+ Ke6 43. Ke4 Kd6 44. Nf6 Nc3+ 45. Kd3 Nxa2 46. Nxh7
Nb4+ 47. Kc4 Nc6 48. Kd3 Ne5+ 49. Ke4 Nd7 50. Ng5 Nf6+ 51. Kd3 Kd5 52. Nf7 Ng4
53. Kc3 Ne5 54. Ng5 Nd7 55. Kd3 Ke5 56. Ke3 Kf5 57. Kf3 Ne5+ 58. Kg3 c4 59. Nh3
c3 0-1

[Event "ch-ISR 2014"]
[Site "Beer-Sheva ISR"]
[Date "2014.06.18"]
[Round "2.1"]
[White "Ben Artzi, Ido"]
[Black "Golod, Vitali"]
[Result "1/2-1/2"]
[WhiteTitle "FM"]
[BlackTitle "GM"]
[WhiteElo "2359"]
[BlackElo "2559"]
[WhiteFideId "2810913"]
[BlackFideId "2804140"]
[EventDate "2014.06.17"]

1. d4 Nf6 2. c4 e6 3. Nc3 Bb4 4. e3 O-O 5. Bd3 b6 6. Nf3 Bb7 7. O-O d5 8. cxd5
exd5 9. Ne5 Bd6 10. Nb5 Be7 11. b3 a6 12. Nc3 Bd6 13. Bb2 c5 14. Ne2 Nc6 15.
Nxc6 Bxc6 16. dxc5 bxc5 17. Ng3 Re8 18. Rc1 Bb7 19. Qf3 Ne4 20. Qg4 Qg5 21. Qxg5
Nxg5 22. Rfd1 Ne6 23. Bf5 Bf8 24. Ne2 a5 25. Ba3 a4 26. Bxe6 axb3 27. Bd7 Red8
28. Bxc5 b2 29. Rc2 Rxa2 30. Rb1 Bxc5 31. Rxc5 d4 32. Bf5 g6 33. Rb5 Ba6 34.
R5xb2 Rxb2 35. Rxb2 dxe3 36. fxe3 Bxe2 37. Bxg6 hxg6 38. Rxe2 Kg7 39. Kf2 Ra8
40. Kf3 Ra4 41. Rd2 Rh4 42. g3 Ra4 43. h4 Ra1 44. e4 Rf1+ 45. Rf2 Ra1 46. Kf4
Rb1 47. Rf3 Ra1 48. Rf2 Rb1 49. Re2 Rf1+ 50. Ke3 Rg1 51. Kf3 Rf1+ 52. Ke3 Rg1
53. Kf2 Ra1 54. Rb2 Ra4 55. Kf3 Ra1 56. e5 Ra3+ 57. Kf4 Ra4+ 58. Kg5 Ra5 59. Kf4
Ra4+ 60. Kg5 Ra5 61. Re2 f6+ 62. Kf4 Ra4+ 63. Re4 fxe5+ 64. Kxe5 Ra5+ 65. Kf4 1/2-1/2

[Event "ch-ISR 2014"]
[Site "Beer-Sheva ISR"]
[Date "2014.06.18"]
[Round "2.2"]
[White "Mikhalevski, Victor"]
[Black "Steinberg, Nitzan"]
[Result "1-0"]
[WhiteTitle "GM"]
[BlackTitle "IM"]
[WhiteElo "2519"]
[BlackElo "2416"]
[WhiteFideId "2801914"]
[BlackFideId "2801795"]
[EventDate "2014.06.17"]

1. c4 c6 2. Nf3 d5 3. e3 Nf6 4. Nc3 e6 5. b3 Nbd7 6. Qc2 Bd6 7. Bb2 O-O 8. Be2
Re8 9. O-O a6 10. d4 b5 11. e4 b4 12. e5 bxc3 13. Bxc3 Bc7 14. exf6 Nxf6 15.
Rad1 Ne4 16. Bb2 Bb7 17. Bd3 f5 18. Ne5 c5 19. Bxe4 cxd4 20. Bf3 Bxe5 21. Bxd4
Bd6 22. Bb2 Qc7 23. h3 Rad8 24. Rfe1 Bb4 25. Be5 Qc8 26. Rf1 dxc4 27. Bxb7 Qxb7
28. Qxc4 Rc8 29. Qe2 Red8 30. Bb2 Qe4 31. Qxa6 Ra8 32. Qb6 Rdb8 33. Qc7 Rb7 34.
Rd8+ Bf8 35. Qd6 Rxd8 36. Qxd8 Ra7 37. Rc1 Ra8 38. Qd7 Rxa2 39. Rc7 Qb1+ 40. Kh2
h6 41. Qf7+ Kh7 42. Bxg7 1-0

[Event "ch-ISR 2014"]
[Site "Beer-Sheva ISR"]
[Date "2014.06.18"]
[Round "2.3"]
[White "Birnboim, Nathan"]
[Black "Kantsler, Boris"]
[Result "1/2-1/2"]
[WhiteTitle "IM"]
[BlackTitle "GM"]
[WhiteElo "2333"]
[BlackElo "2420"]
[WhiteFideId "2800209"]
[BlackFideId "2805359"]
[EventDate "2014.06.17"]

1. e4 c5 2. Nf3 e6 3. Be2 Nc6 4. O-O Nf6 5. Nc3 d5 6. exd5 Nxd5 7. Bb5 Nxc3 8.
dxc3 Qxd1 9. Rxd1 Bd7 10. Be3 Be7 11. Ng5 Rd8 12. Ne4 b6 13. Nd6+ Bxd6 14. Rxd6
Ne5 15. Be2 Ke7 1/2-1/2

[Event "ch-ISR 2014"]
[Site "Beer-Sheva ISR"]
[Date "2014.06.18"]
[Round "2.4"]
[White "Kantarji, Pinchas"]
[Black "Rinberg, Alexander"]
[Result "1/2-1/2"]
[WhiteTitle "FM"]
[BlackTitle "FM"]
[WhiteElo "2417"]
[BlackElo "2321"]
[WhiteFideId "2803712"]
[BlackFideId "14102510"]
[EventDate "2014.06.17"]

1. d4 Nf6 2. c4 g6 3. Nc3 Bg7 4. g3 O-O 5. Bg2 d6 6. Nf3 Nbd7 7. O-O e5 8. e4 c6
9. h3 Qb6 10. d5 Nc5 11. Qe2 Bd7 12. Be3 cxd5 13. cxd5 Rfc8 14. Rfc1 Ne8 15.
Rab1 Qa6 16. Qxa6 bxa6 17. Ne1 f5 18. f3 Nf6 19. b4 Na4 20. Nxa4 Bxa4 21. Rxc8+
Rxc8 22. Rc1 Rxc1 23. Bxc1 Bb5 24. Be3 Nh5 25. g4 Ng3 26. Bxa7 Ne2+ 27. Kf2 Bf6
28. a4 Bh4+ 29. Ke3 Bg5+ 30. Kf2 Bh4+ 31. Ke3 Bg5+ 32. Kf2 Bh4+ 1/2-1/2

[Event "ch-ISR 2014"]
[Site "Beer-Sheva ISR"]
[Date "2014.06.18"]
[Round "2.5"]
[White "Arlinsky, Uriel"]
[Black "Smirin, Ilia"]
[Result "1/2-1/2"]
[WhiteTitle "FM"]
[BlackTitle "GM"]
[WhiteElo "2314"]
[BlackElo "2660"]
[WhiteFideId "2809575"]
[BlackFideId "2801990"]
[EventDate "2014.06.17"]

1. d4 Nf6 2. c4 g6 3. Nf3 Bg7 4. Nc3 d6 5. Bg5 h6 6. Bh4 g5 7. Bg3 Nh5 8. e3 Nd7
9. Be2 c5 10. Qc2 a6 11. a3 Nxg3 12. hxg3 e6 13. Rd1 cxd4 14. exd4 Nf6 15. O-O
O-O 16. c5 b6 17. Ne4 bxc5 18. dxc5 Nxe4 19. Qxe4 d5 20. Qc2 e5 21. b4 Be6 22.
Bc4 e4 23. Nd4 Qc7 24. Bb3 Rab8 25. Qd2 Rfd8 26. Rb1 Bd7 27. Rfc1 Qe5 28. c6
Qxd4 29. Qxd4 Bxd4 30. c7 e3 31. cxb8=Q exf2+ 32. Kf1 Rxb8 33. Bxd5 Be3 34. Rc3
Bd4 35. Rc2 Bf5 36. Rd1 Bxc2 37. Rxd4 Ba4 38. Kxf2 Re8 39. Bc4 Bb5 40. a4 Bxa4
41. Bxa6 Re5 42. g4 Kf8 43. Bb7 Ke7 44. Re4 Kd6 45. Ke3 Bd7 46. Rxe5 Kxe5 47.
Bf3 f6 48. g3 Be8 49. Be4 1/2-1/2

[Event "ch-ISR 2014"]
[Site "Beer-Sheva ISR"]
[Date "2014.06.18"]
[Round "2.6"]
[White "Gurbanov, Andrei"]
[Black "Roiz, Michael"]
[Result "1/2-1/2"]
[BlackTitle "GM"]
[WhiteElo "2329"]
[BlackElo "2589"]
[WhiteFideId "13503391"]
[BlackFideId "2804158"]
[EventDate "2014.06.17"]

1. d4 e6 2. c4 d5 3. Nc3 c6 4. Nf3 Nf6 5. cxd5 exd5 6. Qc2 Be7 7. Bg5 g6 8. e3
Bf5 9. Bd3 Bxd3 10. Qxd3 Nbd7 11. Bh6 Ng4 12. Bf4 O-O 13. h3 Ngf6 14. O-O Re8
15. Rab1 a5 16. Rbc1 Nb6 17. Nb5 Rc8 18. Na7 Ra8 19. Nb5 1/2-1/2

[Event "ch-ISR 2014"]
[Site "Beer-Sheva ISR"]
[Date "2014.06.18"]
[Round "2.7"]
[White "Huzman, Alexander"]
[Black "Reshef, Omer"]
[Result "1-0"]
[WhiteTitle "GM"]
[WhiteElo "2573"]
[BlackElo "2266"]
[WhiteFideId "2803828"]
[BlackFideId "2804336"]
[EventDate "2014.06.17"]

1. d4 d5 2. c4 c6 3. Nc3 Nf6 4. e3 a6 5. Nf3 b5 6. b3 Bg4 7. a4 b4 8. Ne2 a5 9.
Ne5 e6 10. f3 Bf5 11. g4 Bg6 12. h4 dxc4 13. bxc4 Nfd7 14. Nxd7 Nxd7 15. h5 Be7
16. Bg2 Bh4+ 17. Kf1 Be4 18. fxe4 Qf6+ 19. Nf4 e5 20. Qf3 exf4 21. e5 Qd8 22.
exf4 Be7 23. h6 g6 24. f5 O-O 25. Bb2 Bg5 26. Rh3 Rc8 27. c5 Qe7 28. Qb3 Kh8 29.
Re1 Rfe8 30. Re2 Nf6 31. Bf3 Nd5 32. Bxd5 cxd5 33. Qxd5 gxf5 34. gxf5 Red8 35.
Qe4 Qd7 36. e6 Qxa4 37. exf7 Bf6 38. Qe6 1-0

[Event "ch-ISR 2014"]
[Site "Beer-Sheva ISR"]
[Date "2014.06.18"]
[Round "2.8"]
[White "Zanan, Evgeny"]
[Black "Baron, Tal"]
[Result "1/2-1/2"]
[WhiteTitle "FM"]
[BlackTitle "GM"]
[WhiteElo "2257"]
[BlackElo "2515"]
[WhiteFideId "24101940"]
[BlackFideId "2809958"]
[EventDate "2014.06.17"]

1. Nf3 Nf6 2. c4 e6 3. g3 d5 4. d4 dxc4 5. Bg2 Nc6 6. O-O Rb8 7. Nc3 b5 8. Ne5
Nxe5 9. dxe5 Nd7 10. Bc6 a6 11. a4 b4 12. Ne4 Rb6 13. Bg5 Be7 14. Bxd7+ Qxd7 15.
Qc1 Bb7 16. Bxe7 Qxe7 17. Qxc4 Rc6 18. Qd3 O-O 19. Rfd1 a5 1/2-1/2